000 00307nam a2200133 i 4500
001 bg
100 1 _aMILEWSKI, Antoni
245 0 _aMateriaƂy i wyroby z drewna /
_cA. Milewski.
260 _aWarszawa,
_c1965.
040 _cBPK
041 _apol
942 _cKS
008 s pl f |000 0 pol
999 _c4839
_d4839
856 _uhttp://koha.tu.koszalin.pl/cgi-bin/koha/opac-detail.pl?biblionumber=4839
_yKatalog online BPK